Rudyard Kipling Bibliography - Statistics

General Stats
  • This quiz has been taken 20 times
  • The average score is 6 of 387
Answer Stats
Type Year Name % Correct
Short Story & Poetry Collection 1894 The Jungle Book
89%
Novel 1901 Kim
68%
Novel 1897 Captains Courageous
58%
Poem 1910 If-
53%
Short Story Collection 1902 Just So Stories for Little Children
53%
Short Story & Poetry Collection 1895 The Second Jungle Book
42%
Short Story Collection 1899 Stalky & Co.
32%
Short Story 1894 Rikki-Tikki-Tavi
26%
Short Story 1894 The White Seal
26%
Short Story & Poetry Collection 1906 Puck of Pook's Hill
16%
Short Story 1902 How the Camel Got His Hump
11%
Short Story 1902 How the Leopard Got His Spots
11%
Short Story 1902 How the Whale Got His Throat
11%
Short Story & Poetry Collection 1910 Rewards and Fairies
11%
Short Story 1902 The Butterfly That Stamped
11%
Short Story 1888 The Man Who Would Be King
11%
Short Story 1894 Toomai of the Elephants
11%
Short Story Collection 1909 Actions and Reactions
5%
Short Story & Poetry Collection 1926 Debits and Credits
5%
Short Story 1902 How the Alphabet Was Made
5%
Short Story 1902 How the Rhinoceros Got His Skin
5%
Short Story 1902 How the Tiger Got His Stripes
5%
Short Story & Poetry Collection 1932 Limits and Renewals
5%
Short Story 1894 Mowgli's Brothers
5%
Short Story Collection 1888 Plain Tales from the Hills
5%
Short Story 1895 Red Dog
5%
Short Story 1902 The Beginning of the Armadillos
5%
Short Story 1902 The Cat That Walked by Himself
5%
Short Story 1902 The Crab That Played with the Sea
5%
Short Story 1902 The Elephant's Child
5%
Short Story 1895 The King's Ankus
5%
Short Story 1891 The Mark of the Beast
5%
Short Story 1902 The Sing-Song of Old Man Kangaroo
5%
Short Story 1895 The Spring Running
5%
Short Story 1898 .007
0%
Short Story Collection 1909 Abaft the Funnel
0%
Short Story 1888 A Bank Fraud
0%
Non-Fiction Book 1928 A Book of Words
0%
Song 1906 A British-Roman Song
0%
Lament 1910 A Carol
0%
Poem 1906 A Centurion of the Thirtieth
0%
Short Story 1906 A Centurion of the Thirtieth
0%
Poem 1910 A Charm
0%
Poetry Collection 1941 A Choice of Kipling's Verse
0%
Short Story 1891 A Conference of Powers
0%
Short Story 1893 A Conference of the Powers
0%
Short Story Collection 1917 A Diversity of Creatures
0%
Short Story 1910 A Doctor of Medicine
0%
Military Collection 1898 A Fleet in Being
0%
Short Story 1926 A Friend of the Family
0%
Short Story 1888 A Friend's Friend
0%
Short Story 1888 A Germ-Destroyer
0%
Collaborative Non-Fiction Book 1911 A History of England
0%
Short Story 1932 Akbar's Bridge
0%
Poem 1926 A Legend of Truth
0%
Short Story 1899 A Little Prep
0%
Poem 1926 Alnaschar and the Oxen
0%
Short Story 1926 A Madonna of the Trenches
0%
Short Story 1893 A Matter of Fact
0%
Non-Fiction Book 1891 American Notes
0%
Poetry Collection 1898 An Almanac of Twelve Sports
0%
Song 1910 An Astrologer's Song
0%
Short Story 1932 A Naval Mutiny
0%
Short Story 1898 An Error in the Fourth Dimension
0%
Poem 1895 Angutivaun Taina
0%
Short Story 1899 An Unsavory Interlude
0%
Song 1906 A Pict Song
0%
Short Story 1910 A Priest in Spite of Himself
0%
Poem 1895 A Ripple Song
0%
Short Story 1904 A Sahibs' War
0%
Short Story 1912 As Easy as A.B.C.
0%
Short Story 1888 A Second-rate Woman
0%
Song 1906 A Smuggler's Song
0%
Poem 1895 A Song of Kabir
0%
Short Story Collection 1909 A Song of the English
0%
Hymn 1906 A Song to Mithras
0%
Poem 1910 A St. Helena Lullaby
0%
Poem 1932 At his Execution
0%
Short Story 1888 At Howli Thana
0%
Poem 1906 A Three Part Song
0%
Poem 1906 A Tree Song
0%
Poem 1910 A Truthful Song
0%
Short Story 1891 At the End of the Passage
0%
Short Story 1888 At the Pit's Mouth
0%
Short Story 1888 At Twenty-Two
0%
Short Story 1932 Aunt Ellen
0%
Short Story 1898 A Walking Delegate
0%
Short Story 1888 A Wayside Comedy
0%
Poem 1932 Azrael's Count
0%
Short Story 1888 Baa Baa, Black Sheep
0%
Poem 1926 Banquet Night
0%
Poetry Collection 1889 Barrack-Room Ballads
0%
Short Story 1932 Beauty Spots
0%
Short Story 1904 Below the Mill Dam
0%
Short Story 1888 Beyond the Pale
0%
Short Story 1891 Bimi
0%
Short Story 1888 Black Jack
0%
Travel Collection 1940 Brazilian Sketches: 1927
0%
Short Story 1898 Bread upon the Waters
0%
Short Story 1910 Brookland Road
0%
Short Story 1910 Brother Square-Toes
0%
Short Story 1893 Brugglesmith
0%
Short Story 1888 By Word of Mouth
0%
Poem 1895 Chil's Song
0%
Short Story 1910 Cold Iron
0%
Poem 1910 Cold Iron
0%
Poetry Collection 1907 Collected Verse
0%
Short Story 1888 Consequences
0%
Short Story 1888 Cupid's Arrows
0%
Poem 1894 Darzee's Chaunt (Sung in Honour of Rikki-Tikki-Tavi)
0%
Short Story 1932 Dayspring Mishandled
0%
Poetry Collection 1886 Departmental Ditties
0%
Poem 1932 Dinah in Heaven
0%
Short Story 1888 Dray Wara Yow Dee
0%
Fairy Tale 1906 Dymchurch Flit
0%
Poetry Collection 1884 Echoes
0%
Short Story 1910 Eddi's Service
0%
Short Story 1932 Fairy-Kist
0%
Short Story 1888 False Dawn
0%
Short Story 1888 Fatima
0%
Poem 1932 Four-Feet
0%
Military Collection 1915 France at War
0%
Poem 1910 Frankie's Trade
0%
Poem 1904 From Lyden's "Irenius"
0%
Non-Fiction Book 1899 From Sea to Sea and Other Sketches, Letters of Travel
0%
Poem 1904 From the Masjid-Al-Aqsa of Sayyid Ahmed (Wahabi)
0%
Short Story 1888 Germini
0%
Poem 1932 Gertrude's Prayer
0%
Poem 1926 Gipsy Vans
0%
Short Story 1910 Gloriana
0%
Play Fragment 1926 Gow’s Watch : Act IV. Sc. 4
0%
Play Fragment 1926 Gow’s Watch: Act V. Sc. 3
0%
Poem 1906 Hal o' the Draft
0%
Short Story 1906 'Hal o' the Draft
0%
Lament 1906 Harp Song of the Dane Woman
0%
Short Story 1894 Her Majesty's Servants
0%
Short Story 1888 His Chance in Life
0%
Short Story 1888 His Majesty the King
0%
Short Story 1893 His Private Honour
0%
Short Story 1888 His Wedded Wife
0%
Short Story 1895 How Fear Came
0%
Short Story 1902 How the First Letter Was Written
0%
Short Story 1902 How the Giraffe Got Its Long Neck
0%
Short Story 1902 How the Zebra Got Its Stripes
0%
Poem 1894 Hunting-Song of the Seeonee Pack
0%
Poem 1932 Hymn to Physical Pain
0%
Short Story 1898 In Ambush
0%
Short Story Collection 1888 In Black and White
0%
Short Story 1888 In Error
0%
Short Story 1888 In Flood Time
0%
Short Story 1888 In the House of Suddhoo
0%
Short Story 1926 In the Interests of the Brethren
0%
Short Story 1888 In the Matter of a Private
0%
Short Story 1888 In the Pride of his Youth
0%
Short Story 1893 In the Rukh
0%
Poem 1926 Jane's Marriage
0%
Short Story 1893 Judson and the Empire
0%
Short Story 1894 Kaa's Hunting
0%
Poem 1904 Kaspar's Song in Varda
0%
Short Story 1888 Kidnapped
0%
Short Story 1910 King Henry VII and the Shipwrights
0%
Short Story Collection 1923 Land and Sea Tales for Scouts and Guides
0%
Poem 1926 Late Came the God
0%
Poem 1888 L'Envoi
0%
Short Story Collection 1891 Letters of Marque'
0%
Travel Collection 1920 Letters of Travel: 1892–1913
0%
Short Story 1895 Letting in the Jungle
0%
Short Story Collection 1891 Life's Handicap
0%
Short Story 1888 Lispeth
0%
Short Story 1893 Love-o'-Women
0%
Poem 1894 Lukannon
0%
Short Story Collection 1893 Many Inventions
0%
Short Story 1910 Marklake Witches
0%
Short Story Collection 1891 Mine Own People
0%
Short Story 1888 Miss Youghal's Sais
0%
Short Story 1891 Moti Guj-Mutineer
0%
Poem 1895 Mowgli's Song Against People
0%
Poem 1894 Mowgli's Song That He Sang at the Council Rock When He Danced on Shere Khan's Hide
0%
Short Story 1904 Mrs. Bathurst
0%
Short Story 1893 My Lord the Elephant
0%
Short Story 1888 My Own True Ghost Story
0%
Short Story 1898 My Sunday at Home
0%
Poem 1932 Naaman's Song
0%
Short Story 1891 Namgay Doola
0%
Poem 1932 Neighbours
0%
Short Story 1906 Old Men at Pevensey
0%
Short Story 1893 One View of the Question
0%
Short Story 1888 Only a Subaltern
0%
Short Story 1888 On the City Wall
0%
Short Story 1926 On the Gate: a Tale of ’16
0%
Short Story 1906 On the Great Wall
0%
Short Story 1888 On the Strength of a Likeness
0%
Poem 1904 "Our Fathers Also"
0%
Poem 1910 Our Fathers of Old
0%
Poem 1894 Parade-Song of the Camp Animals
0%
Poem 1910 Philadelphia
0%
Short Story 1888 Pig
0%
Short Story 1888 Poor Dear Mamma
0%
Lament 1910 Poor Honest Men
0%
Poem 1904 Poseidon's Law
0%
Short Story 1888 Private Learoyd's Story
0%
Poem 1906 Puck's Song
0%
Short Story Collection 1885 Quartette
0%
Short Story 1895 Quiquem
0%
Poem 1926 Rahere
0%
Poem 1894 Road-Song of the Bandar-Log
0%
Poetry Collection 1940 Rudyard Kipling's Verse: Definitive Edition
0%
Poetry Collection 1881 Schoolboy Lyrics
0%
Short Story 1926 Sea Constables: a Tale of ’15
0%
Non-Fiction Book 1916 Sea Warfare
0%
Poem 1894 Shiv and the Grasshopper (The Song That Toomai's Mother Sang to the Baby)
0%
Short Story 1910 Simple Simon
0%
Poem 1906 Sir Richard's Song
0%
Short Story 1897 Slaves of the Lamp, Part I
0%
Short Story 1897 Slaves of the Lamp, Part II
0%
Short Story Collection 1888 Soldiers Three, the Story of the Gadsbys, In Black and White
0%
Autobiography 1937 Something of Myself
0%
Poem 1932 Song of Seventy Horses
0%
Poem 1910 Song of the Men's Side
0%
Poem 1904 Song of the Old Guard
0%
Song 1910 Song of the Red War-Boat
0%
Poetry Collection 1912 Songs from Books
0%
Travel Collection 1933 Souvenirs of France
0%
Short Story 1904 Steam Tactics
0%
Short Story Collection 1935 Tales of India
0%
Short Story 1904 The Army of a Dream
0%
Short Story 1888 The Arrest of Lieutenant Golightly
0%
Short Story 1910 The Ballad of Minepit Shaw
0%
Poem 1906 The Bee Boy's Song
0%
Short Story 1888 The Big Drunk Draf
0%
Poem 1926 The Birthright
0%
Short Story 1888 The Bisara of Pooree
0%
Short Story 1904 The Bonds of Discipline
0%
Short Story 1898 The Bridge-Builders
0%
Short Story 1888 The Broken Link Handicap
0%
Short Story 1888 The Bronckhorst Divorce-case
0%
Short Story 1898 The Brushwood Boy
0%
Short Story Collection 1899 The Brushwood Boy
0%
Short Story 1926 The Bull that Thought
0%
Poem 1926 The Burden
0%
Short Story 1904 The Captive
0%
Poem 1926 The Centaurs
0%
Poem 1926 The Changelings
0%
Short Story 1893 The Children of the Zodiac
0%
Prayer 1906 The Children's Song
0%
Short Story 1932 The Church that was at Antioch
0%
Short Story 1885 The City of Dreadful Night
0%
Poem 1932 The Coiner
0%
Short Story 1904 The Comprehension of Private Cooper
0%
Short Story 1888 The Conversion of Aurelian McGoggin
0%
Short Story 1910 The Conversion of St. Wilfred
0%
Poem 1932 The Curé
0%
Short Story 1888 The Daughter of the Regiment
0%
Short Story Collection 1898 The Day's Work
0%
Short Story 1932 The Debt
0%
Short Story 1898 The Devil and the Deep Sea
0%
Poem 1932 The Disciple
0%
Short Story 1893 The Disturber of Traffic
0%
Short Story 1888 The Drums of the Fore and Aft
0%
Short Story 1888 The Education of Otis Yeere
0%
Short Story 1926 The Enemies to Each Other
0%
Short Story 1888 The Enlightenments of Pagett, M.P.
0%
Poem 1932 The Expert
0%
Short Story 1926 The Eye of Allah
0%
Short Story Collection 1917 The Eyes of Asia
0%
Short Story 1906 The Fifth River
0%
Short Story 1893 The Finest Story in the World
0%
Poetry Collection 1903 The Five Nations
0%
Short Story 1899 The Flag of Their Country
0%
Non-Fiction Book 1915 The Fringes of the Fleet
0%
Short Story 1926 The Gardener
0%
Short Story 1888 The Garden of Eden
0%
Short Story 1888 The Gate of the Hundred Sorrows
0%
Short Story Collection 1888 The God from the Machine
0%
Military Collection 1919 The Graves of the Fallen
0%
Short Story 1891 The Head of the District
0%
Short Story 1888 The Hill of Illusion
0%
Short Story 1899 The Impressionists
0%
Non-Fiction Book 1923 The Irish Guards in the Great War
0%
Short Story 1904 "Their Lawful Occasions"
0%
Short Story 1926 The Janeites
0%
Short Story 1888 The Judgement of Dungara
0%
Poem 1904 The King's Task
0%
Short Story 1910 The Knife and the Naked Chalk
0%
Story 1906 The Knights of the Joyous Venture
0%
Poem 1926 The Last Ode
0%
Short Story 1899 The Last Term
0%
Poem 1895 The Law of the Jungle
0%
Novel 1891 The Light That Failed
0%
Poem 1910 The Looking-Glass
0%
Short Story 1893 The Lost Legion
0%
Short Story 1888 The Madness of Private Ortheris
0%
Short Story 1898 The Maltese Cat
0%
Short Story 1932 The Manner of Men
0%
Short Story 1891 The Man Who Was
0%
Short Story 1895 The Miracle of Purun Bhagat
0%
Short Story 1932 The Miracle of Saint Jubanus
0%
Short Story 1899 The Moral Reformers
0%
Poem 1932 The Mother's Son
0%
Short Story Collection 1904, 1919, 1929 The Muse Among the Motors
0%
Short Story 1891 The Mutiny of the Mavericks
0%
Collaborative Novel 1892 The Naulahka: A Story of West and East
0%
Poem 1904 The Necessitarian
0%
Military Collection 1915 The New Army in Training
0%
Short Story 1888 The Other Man
0%
Poem 1895 The Outsong
0%
Poem 1932 The Penalty
0%
Short Story 1888 The Phantom 'Rickhaw
0%
Short Story Collection 1888 The Phantom 'Rickshaw and Other Tales
0%
Poem 1932 The Playmate
0%
Poem 1926 The Portent
0%
Short Story 1926 The Propagation of Knowledge
0%
Short Story 1926 The Prophet and the Country
0%
Short Story 1893 The Record of Badalia Herodsfoot
0%
Short Story 1891 The Recrudescence of Imray
0%
Short Story 1888 The Rescue of Pluffles
0%
Poem 1904 The Return of the Children
0%
Short Story 1888 The Rout of the White Hussars
0%
Poem 1906 The Runes on Weland's Sword
0%
Poem 1904 The Runners
0%
Poem 1910 The Run of the Downs
0%
Short Story 1888 The Sending of Dana Dee
0%
Poetry Collection 1891-1896 The Seven Seas and Further Barrack-Room Ballads
0%
Short Story 1898 The Ship that Found Herself
0%
Short Story 1888 The Solid Muldoon
0%
Poem 1895 The Song of the Little Hunter
0%
Short Story 1888 The Story of Muhammad Din
0%
Short Story Collection 1888 The Story of the Gadsbys
0%
Short Story 1888 The Strange Ride of Morrowbie Jukes
0%
Poem 1926 The Supports
0%
Poem 1926 The Survival
0%
Short Story 1888 The Swelling of Jordan
0%
Short Story 1902 The Tabu Tale
0%
Short Story 1888 The Taking of Lungtungpen
0%
Short Story 1932 The Tender Achilles
0%
Short Story 1888 The Tents of Kedar
0%
Short Story 1910 The Thousandth Man
0%
Short Story 1888 The Three Musketeers
0%
Poem 1932 The Threshold
0%
Short Story 1932 The Tie
0%
Short Story 1898 The Tomb of His Ancestors
0%
Poem 1932 The Totem
0%
Short Story 1906 The Treasure and the Law
0%
Short Story 1910 The Tree of Justice
0%
Poem 1910 The Two Cousins
0%
Short Story 1895 The Undertakers
0%
Short Story 1926 The United Idolators
0%
Short Story 1888 The Valley of the Shadow
0%
Poem 1926 The Vineyard
0%
Military Collection 1917 The War in the Mountains
0%
Poem 1910 The Way Through the Woods
0%
Poem 1904 The Wet Litany
0%
Short Story 1906 The Winged Hats
0%
Short Story 1926 The Wish House
0%
Short Story 1932 The Woman in His Life
0%
Short Story 1888 The World Without
0%
Short Story 1910 The Wrong Thing
0%
Short Story 1904 "They"
0%
Poetry Collection 1919 The Years Between
0%
Song 1906 Thorkild's Song
0%
Short Story 1888 Three and - an Extra
0%
Short Story 1888 Thrown Away
0%
Short Story Collection 1930 Thy Servant a Dog
0%
Short Story 1894 Tiger! Tiger!
0%
Short Story 1888 To be Filed for Reference
0%
Short Story 1888 Tods' Amendment
0%
Poem 1926 To the Companions
0%
Short Story & Poetry Collection 1904 Traffics and Discoveries
0%
Short Story 1932 Uncovenanted Mercies
0%
Short Story Collection 1888 Under the Deodars
0%
Short Story 1932 Unprofessional
0%
Poem 1926 Untimely
0%
Short Story 1888 Venus Annodomini
0%
Short Story 1888 Watches of the Night
0%
Poem 1926 We and They
0%
Short Story 1888 Wee Willie Winkie
0%
Short Story Collection 1888 Wee Willie Winkie and Other Child Stories
0%
Short Story 1906 Weland's Sword
0%
Short Story 1898 William the Conqueror - part I
0%
Short Story 1898 William the Conqueror - part II
0%
Short Story 1904 Wireless
0%
Short Story 1888 With any Amazement
0%
Short Story 1891 Without Benefit of the Clergy
0%
Short Story 1888 With the Main Guard
0%
Short Story 1905 With the Night Mail: A Story of 2000 A.D.
0%
Short Story 1888 Yoked with an Unbeliever
0%
Short Story 1906 Young Men at the Manor
0%
No matching quizzes found
Score Distribution
Percent of People with Each Score
Percentile by Number Answered
Your Score History
You have not taken this quiz